000 00335nam a2200133Ia 4500
008 240624s9999 xx 000 0 und d
041 _aeng
082 _a658.4012 CHA
100 _aCHANDRASEKARAN N
245 _aSTRATEGIC MANAGEMENT
260 _c2015
_aNew Delhi
_bOxford
300 _axviii, : 621 : p. : cm. ; 26
365 _cRS
_b31
999 _c24967
_d24967